Statistics for Countries With The Most H&M Stores

Click here to take the quiz!

General Stats

  • This quiz has been taken 68 times
  • The average score is 16 of 20

Answer Stats

#Answer% Correct
538United States
100%
240France
98%
506China
94%
463Germany
92%
292United Kingdom
92%
175Italy
92%
175Spain
91%
172Sweden
89%
134Russia
88%
91Canada
88%
82Japan
86%
128Norway
77%
145Netherlands
75%
175Poland
75%
97Belgium
73%
110Denmark
70%
64Finland
70%
100Switzerland
67%
86Austria
66%
70Turkey
59%

Score Distribution

Percentile by Number Answered

Percent of People with Each Score

Your Score History

You have not taken this quiz